| 000 | 01245cam a2200385 i 4500 | ||
|---|---|---|---|
| 001 | 18885249 | ||
| 003 | NUST | ||
| 005 | 20220306114859.0 | ||
| 008 | 151207s2015 pk 000 0aeng | ||
| 010 | _a 2015328201 | ||
| 020 | _a9789694964973 | ||
| 025 | _aP-U-2015328201; 16 | ||
| 037 |
_bLibrary of Congress -- Islamabad Overseas Office _cRs 550.00 |
||
| 038 | _awaseem | ||
| 040 |
_aDLC _beng _cDLC _erda |
||
| 042 |
_alcode _apcc |
||
| 043 | _aa-pk--- | ||
| 050 | 0 | 0 |
_aUH347.N35 _bA3 2015 |
| 082 |
_a355.345092 _bNAJ |
||
| 100 | 1 |
_aNajeeb, M. Afzal, _eauthor. _990329 |
|
| 245 | 1 | 0 |
_aJourney through medicine / _cLt. Gen. (r) M. Afzal Najeeb. |
| 264 | 1 |
_aIslamabad : _bDost Publications, _c2015. |
|
| 300 |
_aviii, 229 pages ; _c22 cm |
||
| 336 |
_atext _btxt _2rdacontent |
||
| 337 |
_aunmediated _bn _2rdamedia |
||
| 338 |
_avolume _bnc _2rdacarrier |
||
| 563 | _aHBK. | ||
| 600 | 1 | 0 |
_aNajeeb, M. Afzal. _990329 |
| 610 | 1 | 0 |
_aPakistan _bArmy _xMedical personnel _vBiography. _990330 |
| 610 | 1 | 0 |
_aPakistan _bArmy _xOfficers _vBiography. _990331 |
| 650 | 0 |
_aPhysicians _zPakistan _vBiography. _990332 |
|
| 906 |
_a7 _bcbc _corigode _d3 _encip _f20 _gy-gencatlg |
||
| 942 |
_2ddc _cBK |
||
| 999 |
_c588608 _d588608 |
||